000 00905nam a2200289 a 4500
001 vtls000194665
003 NLI
005 20210602113107.0
008 101125s1964 enk 000 0 eng
020 _cPND 20.00
039 9 _y201011252315
_zVLOAD
040 0 _aNLI
_beng
_cDatasoft 1
_eAACR2
041 0 _aeng
044 _aenk
082 0 4 _a332.6709547
245 0 0 _aPakistan :
_ban investment survey
260 _aLondon :
_bFederation of British Industries,
_c1964
300 _aviii, 111 p. ;
_c22 cm.
650 0 _aInvestments, British
_zPakistan
_9374831
710 2 _aFederation of British Industries
_4pbl
_988245
887 _a
901 _a369263
_b29.12.1964
902 _aE 332.6709547 F 317
942 _2ddc
_cBKS
949 _AVIRTUAITEM
_D10000
_X100
_6PUR000369263ENG
999 _aVIRTUA40
_c200423
_d200423
999 _aVTLSSORT0080*0200*0400*0410*0440*0820*2450*2600*3000*6500*7100*9010*9020*9490*9991